Click the Time Zone: Asia Quiz Stats

Quiz Updated Oct 18, 2016

Challenge
Share
Tweet
Score 0/17 Timer 03:00
12 Plays Today
% Correct
UTC +8:00
94.3%
UTC +5:30
92.1%
UTC +9:00
92%
UTC +3:00
90.1%
UTC +5:00
89.7%
UTC +3:30
86.8%
UTC +8:30
83.7%
UTC +5:45
83.5%
UTC +4:30
83.1%
% Correct
UTC +6:30
82.5%
UTC +6:00
79.9%
UTC +7:00
78%
UTC +12:00
72.2%
UTC +10:00
71.7%
UTC +4:00
64.6%
UTC +2:00
62.8%
UTC +11:00
62.1%

You're not logged in!

Compare scores with friends on all Sporcle quizzes.
Sign Up with Email
OR
Log In

You Might Also Like...

Show Comments

Extras

Top Quizzes Today


Score Distribution

Your Account Isn't Verified!

In order to create a playlist on Sporcle, you need to verify the email address you used during registration. Go to your Sporcle Settings to finish the process.

Report this User

Report this user for behavior that violates our Community Guidelines.

Details: